000 00475nam a2200181Ia 4500
005 20250603145218.0
008 250603s9999 xx 000 0 und d
020 _a9789785167443
050 _aHF 5804 .I87/
100 _aEdited by Olufemi Onabajo
245 0 _aIssues and trends in advertising and public relations practices
260 _aIbadan
260 _bCollege Press & Publishers Ltd.
260 _c2012
300 _a466 p
650 _aIbadan
942 _cBK
999 _c41202
_d41202